000
00390nam a2200133Ia 4500
008
100328s9999 xx 000 0 und d
082
_b
22255
100
_a
गोडबोले मंदाकिनी
245
_a
कैदी नंं. 420
260
_b
गीत गोपाळ
630
_a
कैदी नंं. 420
730
_a
कैदी नंं. 420
942
_c
BOOK
999
_c
516170
_d
516167